000 00546nam a2200145 a 4500
008 120416s1956 ||||||||||||||||| || u
050 _aNA 6840.G7 Smi
100 _aSmith, Irwin
245 1 0 _aShakespeare's Globe playhouse
246 _aa modern reconstruction in text and scale drawings
260 _aNew York
_bC. Scribner
_c1956
300 _axxiii, 240p. : ill.
350 _a0.00
995 _D0.00
_FCBU-MAIN LIBRARY (Kitwe)
_H1
_I0.00
_M1
_UAVAILABLE
_ZAnnex Low-Usage Collection
999 _c57376
_d57376